| 000 | 01484nam a2200445 c 4500 | ||
|---|---|---|---|
| 001 | 1316 | ||
| 003 | ES-MaCES | ||
| 005 | 20141221121534.0 | ||
| 008 | 951123s1994 sp ||| | spa d | ||
| 017 |
_aM. 5.578-1994 _bDL |
||
| 020 | _a8481880000 | ||
| 035 | _aCES19980013228m | ||
| 040 |
_aES-MaCES _bspa _cES-MaCES |
||
| 100 | 1 |
_aGarcía Ruiz, José Luis _913057 |
|
| 245 | 1 | 3 |
_aEl Consejo Económico y Social _b: génesis constituyente y parlamentaria _cJ. Luis García Ruiz |
| 250 | _a1ª ed | ||
| 260 |
_aMadrid _bConsejo Económico y Social _c1994 |
||
| 300 |
_a156 p. _c23 cm |
||
| 490 | 1 |
_aColección Estudios _v6 |
|
| 504 | _aBibliografía: p. 153-156 | ||
| 541 | _cGratuito | ||
| 650 | 4 |
_aConsejos Económicos y Sociales _930859 |
|
| 650 | 4 |
_aparticipación política _927242 |
|
| 650 | 4 |
_aparticipación social _927284 |
|
| 650 | 4 |
_adesarrollo político _929225 |
|
| 650 | 4 |
_aderecho constitucional _927158 |
|
| 650 | 4 |
_aEspaña _926964 |
|
| 650 | 4 |
_aComunidades Autónomas _930768 |
|
| 650 | 4 |
_aestudio de casos _928846 |
|
| 650 | 4 |
_aPortugal _926960 |
|
| 650 | 4 |
_aPaíses Bajos _926957 |
|
| 650 | 4 |
_aItalia _926952 |
|
| 650 | 4 |
_aFrancia _926943 |
|
| 653 | 1 | 0 | _aAdministración-Instituciones públicas |
| 710 | 2 |
_aConsejo Económico y Social (España) _eed. _92408 |
|
| 830 | 0 |
_aColección Estudios (Consejo Económico y Social (España)) _v6 _932341 |
|
| 902 | _aLIB Libro | ||
| 942 |
_2CES _cBK _h6.3. |
||
| 999 |
_c1316 _d1316 |
||